Por qué más es menos : (Registro nro. 4152)
[ vista simple ]
| 000 -LEADER | |
|---|---|
| fixed length control field | 01012nam a2200265Ia 4500 |
| 003 - CONTROL NUMBER IDENTIFIER | |
| control field | OSt |
| 005 - DATE AND TIME OF LATEST TRANSACTION | |
| control field | 20200506101606.0 |
| 008 - FIXED-LENGTH DATA ELEMENTS--GENERAL INFORMATION | |
| fixed length control field | 191128s2005 sp gr 000 0dspa d |
| 020 ## - INTERNATIONAL STANDARD BOOK NUMBER | |
| International Standard Book Number | 9587043472 |
| 040 ## - CATALOGING SOURCE | |
| Original cataloging agency | CO-JMCR |
| Transcribing agency | CO-JMCR |
| 041 0# - LANGUAGE CODE | |
| Language code of text/sound track or separate title | spa |
| 082 04 - DEWEY DECIMAL CLASSIFICATION NUMBER | |
| Classification number | 306 .3 / |
| Item number | S399p |
| 100 1# - MAIN ENTRY--PERSONAL NAME | |
| Personal name | Schwartz, Barry, |
| Relator term | autor |
| 9 (RLIN) | 3972 |
| 245 10 - TITLE STATEMENT | |
| Title | Por qué más es menos : |
| Remainder of title | la tiranía de la abundancia / |
| Statement of responsibility, etc. | Barry Schwartz ; Gabriela Busetelo, traductora |
| 260 ## - PUBLICATION, DISTRIBUTION, ETC. | |
| Place of publication, distribution, etc. | Madrid : |
| Name of publisher, distributor, etc. | Taurus, |
| Date of publication, distribution, etc. | 2005 |
| 300 ## - PHYSICAL DESCRIPTION | |
| Extent | 273 Páginas ; |
| Dimensions | 24 cm. |
| 500 ## - GENERAL NOTE | |
| General note | Incluye biografía del autor en solapa. |
| 505 ## - FORMATTED CONTENTS NOTE | |
| Formatted contents note | De compras -- Nuevas posibilidades de elección -- Decidir y elegir -- Cuando sólo nos conformamos con lo mejor -- La capacidad de elgir y la felicidad -- Oprtunidad perdidas |
| 650 14 - SUBJECT ADDED ENTRY--TOPICAL TERM | |
| Topical term or geographic name entry element | Toma de decisiones. |
| 9 (RLIN) | 283 |
| 650 24 - SUBJECT ADDED ENTRY--TOPICAL TERM | |
| Topical term or geographic name entry element | Elección |
| General subdivision | Psicología |
| 9 (RLIN) | 3973 |
| 650 24 - SUBJECT ADDED ENTRY--TOPICAL TERM | |
| Topical term or geographic name entry element | Oferta y demanda |
| 9 (RLIN) | 3974 |
| 650 24 - SUBJECT ADDED ENTRY--TOPICAL TERM | |
| Topical term or geographic name entry element | Economía del bienestar |
| 9 (RLIN) | 3975 |
| 700 1# - ADDED ENTRY--PERSONAL NAME | |
| Personal name | Carrero, Teresa, |
| Relator term | traductora |
| 9 (RLIN) | 3976 |
| 942 ## - ADDED ENTRY ELEMENTS (KOHA) | |
| Source of classification or shelving scheme | Dewey Decimal Classification |
| Koha item type | Books |
| Withdrawn status | Lost status | Source of classification or shelving scheme | Materials specified (bound volume or other part) | Damaged status | Not for loan | Home library | Current library | Shelving location | Date acquired | Source of acquisition | Cost, normal purchase price | Total Checkouts | Full call number | Barcode | Date last seen | Copy number | Price effective from | Koha item type |
|---|---|---|---|---|---|---|---|---|---|---|---|---|---|---|---|---|---|---|
| Dewey Decimal Classification | Donación--06/08/2018-- | Biblioteca Pública José María del Castillo y Rada | Biblioteca Pública José María del Castillo y Rada | General Stacks | 11/28/2019 | Donación | 0.00 | 306.3 / S399p | 201808973 | 05/16/2024 | EJ.1 | 11/28/2019 | Books |